| 000 | | | 04674nmc2a22003133x 450 |
| 001 | | | 91ab7c0a-1617-40f9-ab61-a76e3e47ddbd |
| 005 | | | 20211213224658.0 |
| 100 | ## | $a | 20211120l19111915k y0rusy50 ca |
| 101 | 0# | $a | fre |
| | $a | eng |
| 102 | ## | $a | RU |
| 105 | ## | $a | y z |||e| |
| 122 | 2# | $a | d19111231 |
| | $a | d19151231 |
| 200 | 1# | $a | Письма Гамильтон-Руссель Виллиам Шиллингу М. Ф. /Анг./ |
| | $j | 1911-1915 |
| 215 | ## | $a | 60 листов |
| | $c | фот. |
| 251 | ## | $c | Дело |
| 300 | ## | $a | Заголовок дела на папке: Письма Гамильтон-Руссель Виллиам Шиллингу М. Ф. |
| 300 | ## | $a | Текст на английском и французском языках |
| 300 | ## | $a | Листы: 1, 9, 15, 18, 21, 24, 30, 33, 36, 39, 42, 48, 56, 52, 57, 60 - конверты с марками; 4, 5 - групповые фотографии (мужчина и женщина на природе); 6, 12, 45, 54 - конверт с марками и сургучом; 27 - визитная карточка |
| 300 | ## | $a | В деле имеются документы без дат |
| 300 | ## | $a | Рукописный текст |
| 330 | ## | $a | Входит в раздел описи: 3. Документы о научной и литературной деятельности барона Шиллинга М. Ф.. Письма разных лиц Шиллингу М. Ф. |
| 461 | #0 | $1 | 001ff9fc58f-089b-437b-980d-902343bc59d8 |
| | $1 | 2001 |
| | $a | Шиллинг Маврикий Фабианович, барон, секретарь русского посольства в Вене |
| | $1 | 251 |
| | $c | Фонд |
| | $1 | 852 |
| | $j | 813 |
| 462 | #0 | $1 | 001665c067c-d934-4316-b9df-5bf0ad49190b |
| | $1 | 2001 |
| | $a | Дела постоянного хранения. 1817-1917 |
| | $v | Д. 208 |
| | $1 | 251 |
| | $c | Опись |
| | $1 | 852 |
| | $j | 1 |
| 517 | 1# | $a | Письма Гамильтон-Руссель Виллиам Шиллингу М. Ф. |
| 600 | #1 | $a | Шиллинг |
| | $b | М. Ф. |
| | $c | барон |
| | $g | Маврикий Фабианович |
| 600 | #1 | $a | Гамильтон-Руссель |
| | $b | В. |
| | $g | Виллиам |
| 801 | #0 | $a | RU |
| | $b | GA_RF |
| 801 | #1 | $a | RU |
| | $b | ГлавНИВЦ |
| | $c | 20211120 |
| | $2 | rusmarc |
| 801 | #2 | $a | RU |
| | $b | ПБ им. Б.Н. Ельцина |
| | $c | 20211213 |
| | $g | RCR |
| | $2 | rusmarc |
| 852 | ## | $a | ГА РФ |
| | $j | 208 |
| 937 | ## | $d | 171555536 |
| | $h | ГАРФ |
| 035 | ## | $a | RuPRLIB51061042 |
| 856 | ## | $u | http://readingroom.main.prlib.ru/item.aspx?id_node=n171555536&mode=full |